Name the Arsenal WSL player - Statistics

General Stats
  • This quiz has been taken 223 times
  • The average score is 19 of 26
Answer Stats
Picture Answer % Correct
Beth Mead
99%
Katie McCabe
95%
Leah Williamson
95%
Kim Little
92%
Alessia Russo
91%
Caitlin Foord
90%
Kyra Cooney-Cross
89%
Vivianne Miedema
89%
Lotte Wubben-Moy
86%
Steph Catley
86%
Lia Wälti
82%
Manuela Zinsberger
80%
Frida Maanum
79%
Victoria Pelova
77%
Stina Blackstenius
76%
Lina Hurtig
72%
Laia Codina
64%
Cloé Lacasse
63%
Teyah Goldie
63%
Sabrina D'Angelo
61%
Amanda Ilestedt
57%
Laura Wienroither
49%
Naomi Williams
45%
Kathrine Kühl
38%
Kaylan Marckese
23%
Gio Queiroz
19%
No matching quizzes found
Score Distribution
Percent of People with Each Score
Percentile by Number Answered
Your Score History
You have not taken this quiz